Sports Quiz

Random Sports or MLB Quiz

MLB Players with 2+ Home Runs in a World Series Game Quiz Stats

 Plays Quiz not verified by Sporcle

Challenge
Share
Tweet
Embed
Score 0/50 Timer 05:00
0 Plays Today
Year Player % Correct
1923Babe Ruth
95%
1926*Babe Ruth
95%
1928*Babe Ruth
95%
1932Babe Ruth
95%
1977*Reggie Jackson
94.4%
2008Ryan Howard
94.4%
1958Mickey Mantle
91.9%
1960Mickey Mantle
91.9%
2011*Albert Pujols
91.9%
2009Chase Utley
88.1%
2009Chase Utley
88.1%
1928Lou Gehrig
86.9%
1932Lou Gehrig
86.9%
1976Johnny Bench
80.6%
1967Carl Yastrzemski
78.8%
1996Andruw Jones
77.5%
1956Yogi Berra
74.4%
1952Duke Snider
70.6%
1955Duke Snider
70.6%
1984Kirk Gibson
69.4%
2009Jayson Werth
68.1%
2002Jeff Kent
66.9%
2002Troy Glaus
65%
1975Tony Perez
62.5%
1986Gary Carter
60.6%
Year Player % Correct
1983Eddie Murray
59.4%
1998Scott Brosius
58.8%
1984Alan Trammell
57.5%
1993Lenny Dykstra
55%
2002Tim Salmon
54.4%
1989Dave Henderson
52.5%
1998Greg Vaughn
44.4%
1932Tony Lazzeri
43.1%
1990Chris Sabo
41.9%
1972Gene Tenace
41.3%
1982Willie McGee
32.5%
1967Rico Petrocelli
31.9%
1980Willie Aikens
28.8%
1980Willie Aikens
28.8%
1978Davey Lopes
26.3%
1999Chad Curtis
23.1%
1939Charlie Keller
22.5%
1959Ted Kluszewski
18.8%
1955Joe Collins
15%
1957Tony Kubek
13.8%
1915Harry Hooper
12.5%
1948Bob Elliott
10%
1959Charlie Neal
8.8%
1903Patsy Dougherty
6.9%
1917Benny Kauff
4.4%

You're not logged in!

Compare scores with friends on all Sporcle quizzes.
OR
Log In

You Might Also Like...

Show Comments

Extras

Top Quizzes Today


Score Distribution

Your Account Isn't Verified!

In order to create a playlist on Sporcle, you need to verify the email address you used during registration. Go to your Sporcle Settings to finish the process.

Report this User

Report this user for behavior that violates our Community Guidelines.

Details: